Detalles MARC
| 000 -LEADER |
| fixed length control field |
01064nam a2200289 a 4500 |
| 001 - CONTROL NUMBER |
| control field |
|
| 003 - CONTROL NUMBER IDENTIFIER |
| control field |
DO-SdBNP |
| 005 - DATE AND TIME OF LATEST TRANSACTION |
| control field |
20220127102234.0 |
| 008 - FIXED-LENGTH DATA ELEMENTS--GENERAL INFORMATION |
| fixed length control field |
090716s2008 dr a 000 0bspa d |
| 040 ## - CATALOGING SOURCE |
| Original cataloging agency |
DO-SdBNP |
| Language of cataloging |
spa |
| Transcribing agency |
BPMSU |
| 082 ## - DEWEY DECIMAL CLASSIFICATION NUMBER |
| Classification number |
282.7293 |
| Item number |
C531i 2008 |
| Edition number |
22 |
| 100 ## - MAIN ENTRY--PERSONAL NAME |
| Personal name |
Chez Checo, José, |
| Dates associated with a name |
1949- |
| 245 13 - TITLE STATEMENT |
| Title |
La Iglesia católica y el final de la dictadura de Trujillo : |
| Remainder of title |
entrevista a Mns. Roque Adames / |
| Statement of responsibility, etc. |
José Chez Checo. |
| 246 14 - VARYING FORM OF TITLE |
| Title proper/short title |
Entrevista a monseñor Roque Adames / |
| 260 ## - PUBLICATION, DISTRIBUTION, ETC. (IMPRINT) |
| Place of publication, distribution, etc. |
Santo Domingo : |
| Name of publisher, distributor, etc. |
Búho, |
| Date of publication, distribution, etc. |
2008. |
| 300 ## - PHYSICAL DESCRIPTION |
| Extent |
78 p. : |
| Other physical details |
il., retr. ; |
| Dimensions |
19 cm. |
| 490 0# - SERIES STATEMENT |
| Series statement |
Historia total |
| Volume/sequential designation |
12 |
| 500 ## - GENERAL NOTE |
| General note |
Incluye |
| 590 ## - LOCAL NOTE (RLIN) |
| Local note |
Inventariado, 2022/VM |
| 600 14 - SUBJECT ADDED ENTRY--PERSONAL NAME |
| Personal name |
Adames Rodríguez, Roque Antonio, |
| Titles and other words associated with a name |
Monseñor |
| Dates associated with a name |
1928-2009 |
| General subdivision |
Entrevistas |
| 650 #4 - SUBJECT ADDED ENTRY--TOPICAL TERM |
| Topical term or geographic name as entry element |
Iglesia católica |
| Geographic subdivision |
República Dominicana |
| General subdivision |
Historia |
| Chronological subdivision |
Siglo XX |
| 650 #4 - SUBJECT ADDED ENTRY--TOPICAL TERM |
| Topical term or geographic name as entry element |
Iglesia y Estado en República Dominicana |
| General subdivision |
Siglo xx |
| 650 #4 - SUBJECT ADDED ENTRY--TOPICAL TERM |
| Topical term or geographic name as entry element |
Clero |
| General subdivision |
Entrevistas |
| 651 #4 - SUBJECT ADDED ENTRY--GEOGRAPHIC NAME |
| Geographic name |
República Dominicana |
| General subdivision |
Historia |
| Chronological subdivision |
Era de Trujillo, 1930-1961 |
| 910 ## - USER-OPTION DATA (OCLC) |
| User-option data |
VMateo V. |
| 942 ## - ADDED ENTRY ELEMENTS (KOHA) |
| Source of classification or shelving scheme |
Dewey Decimal Classification |
| Koha item type |
Libros |